[Event "CAN-ch U14"]
[Site "Ottawa"]
[Date "2013.07.10"]
[Round "2"]
[White "Lee, Nicholas"]
[Black "Graif, William"]
[Result "0-1"]
[WhiteElo "1750"]
[BlackElo "2096"]
[PlyCount "104"]
[EventDate "2013.07.10"]
[EventType "swiss"]
[EventRounds "6"]
[EventCountry "CAN"]
[SourceTitle "EXT 2022"]
[Source "ChessBase"]
[SourceDate "2021.10.06"]
[SourceVersion "1"]
[SourceVersionDate "2021.10.06"]
[SourceQuality "1"]

1. e4 c5 2. Nf3 d6 3. d4 cxd4 4. Nxd4 Nf6 5. Nc3 g6 6. Be3 Bg7 7. f3 0-0 8. Qd2 Nc6 9. 0-0-0 Nxd4 10. Bxd4 Be6 11. h4 Qa5 12. Kb1 Rfc8 13. Nd5 Qxd2 14. Rxd2 Bxd5 15. exd5 Bh6 16. Rd3 Nxd5 17. Bxa7 Nb4 18. Rb3 Rxc2 19. Bd3 Rxg2 20. Rxb4 Rxa7 21. Be4 Bg7 22. Bxb7 Rxb2+ 23. Rxb2 Bxb2 24. Kxb2 Rxb7+ 25. Kc3 Kf8 26. a4 Ke8 27. h5 g5 28. a5 Kd7 29. a6 Ra7 30. f4 gxf4 31. Rg1 Rxa6 32. Rg7 h6 33. Rxf7 Ra5 34. Rxf4 Rxh5 35. Kd3 e5 36. Rf6 Ke7 37. Rg6 d5 38. Rc6 Rh3+ 39. Ke2 d4 40. Ra6 Kd7 41. Rb6 h5 42. Kf2 h4 43. Rh6 e4 44. Kg2 Rg3+ 45. Kf2 Rf3+ 46. Ke2 h3 47. Rh4 d3+ 48. Ke1 Re3+ 49. Kd1 Kd6 50. Rh5 Rg3 51. Kd2 Rg2+ 52. Ke1 e3 0-1

[Event "Calgary Reserves"]
[Site "Calgary"]
[Date "2013.05.20"]
[Round "5"]
[White "Lee, Nicholas"]
[Black "Khodjimatov, Sherzod"]
[Result "0-1"]
[WhiteElo "1750"]
[BlackElo "2090"]
[PlyCount "48"]
[EventDate "2013.05.18"]
[EventType "swiss"]
[EventRounds "6"]
[EventCountry "CAN"]
[SourceTitle "EXT 2022"]
[Source "ChessBase"]
[SourceDate "2021.10.06"]
[SourceVersion "1"]
[SourceVersionDate "2021.10.06"]
[SourceQuality "1"]

1. e4 e5 2. Nf3 Nc6 3. d4 exd4 4. Nxd4 Nf6 5. Nxc6 bxc6 6. e5 Qe7 7. Qe2 Nd5 8. c4 Nb6 9. b3 Bb7 10. Bb2 0-0-0 11. Nd2 g6 12. g3 c5 13. e6 Rg8 14. exf7 Qxf7 15. Ne4 Bxe4 16. Qxe4 Re8 17. Be5 Rxe5 18. Qxe5 Bg7 19. Qxc5 Bc3+ 20. Ke2 Re8+ 21. Kd3 Qf3+ 22. Kc2 Bxa1 23. Bg2 Re2+ 24. Kb1 Qd3+ 0-1